Statistics for NFL Top 100 Players Of All Time Quiz!

Click here to take the quiz!

General Stats

  • This quiz has been taken 5,673 times
  • The average score is 27 of 100

Answer Stats

RankAnswer% Correct
9Tom Brady
93%
1Jerry Rice
82%
4Joe Montana
81%
8Peyton Manning
77%
17Barry Sanders
71%
34Deion Sanders
69%
65Randy Moss
68%
28Emmitt Smith
66%
31Bruce Smith
63%
2Jim Brown
63%
3Lawrence Taylor
59%
66Willie Brown
57%
81Steve Young
54%
25Dan Marino
53%
5Walter Payton
53%
18Ray Lewis
49%
20Brett Favre
47%
23John Elway
46%
7Reggie White
45%
88Ed Reed
42%
62Randy White
42%
15Deacon Jones
41%
50Terry Bradshaw
41%
6Johnny Unitas
40%
75Darrell Green
39%
80Troy Aikman
39%
51Bart Starr
36%
45Tony Gonzalez
35%
100Joe Namath
34%
61LaDainian Tomlinson
34%
52Eric Dickerson
33%
85Marcus Allen
32%
46Roger Staubach
32%
95Larry Allen
31%
92Michael Irvin
31%
72Adrian Peterson
30%
11Ronnie Lott
29%
41Rod Woodson
28%
10Dick Butkus
27%
13Joe Greene
27%
90Kurt Warner
27%
70Marshall Faulk
27%
40O.J. Simpson
27%
16Otto Graham
27%
30Dick Lane
26%
12Anthony Munoz
25%
91Fran Tarkenton
24%
55Earl Campbell
22%
22Gale Sayers
22%
29Jack Lambert
22%
99Michael Strahan
22%
86Willie Davis
22%
21Don Hutson
21%
57Mike Singletary
21%
14Sammy Baugh
21%
59Mike Ditka
20%
43Alan Page
19%
60Jack Ham
19%
44Mel Blount
17%
77Tony Dorsett
16%
67Kellen Winslow Sr.
15%
78Bruce Matthews
14%
97Derrick Brooks
14%
24John Hannah
14%
27Merlin Olsen
13%
63Jim Otto
12%
37Jim Thorpe
12%
38Lance Alworth
12%
68Mike Webster
12%
69Bobby Bell
11%
26Bob Lilly
11%
56Gene Upshaw
11%
36Raymond Berry
11%
76Art Shell
10%
54Forrest Gregg
10%
98Lee Roy Selmon
10%
73Ozzie Newsome
10%
47Ray Nitschke
10%
33Sid Luckman
10%
82Ted Hendricks
10%
19Bronko Nagurski
9%
35Chuck Bednarik
9%
83Norm Van Brocklin
9%
53Willie Lanier
9%
39Gino Marchetti
8%
32Jim Parker
8%
42John Mackey
8%
94Lenny Moore
8%
49Mike Haynes
8%
48Red Grange
8%
74Marion Motley
7%
71Paul Warfield
7%
58Steve Van Buren
7%
87Elroy Hirsch
6%
79Emlen Tunnell
6%
64Herb Adderley
6%
84Joe Schmidt
5%
96Mel Hein
5%
93Sam Huff
5%
89Ernie Nevers
4%

Score Distribution

Percentile by Number Answered

Percent of People with Each Score

Your Score History

You have not taken this quiz